00565nam a2200157 a 450000100100000000500170001000800410002704000250006808200130009310000390010624500540014526000370019930000430023695201110027999900170039000004303920201002040607.0140218s1969 nyua 001 0 spa d aDO-SdBNPbspacBNPHU axxxbxxx1 aClark, Kenneth,d1903-1983.96043910aCivilisation :ba personal view /cKenneth Clark. aNew York :bHarper & Row,c1969. axviii, 359 p. :bil., retrs. ;c26 cm. 001050718MOaGRbGRcCTd2014-02-18iLF1l0oxxx xxxp43039-10r2020-06-25w2020-06-25y1ZNo se presta c42528d42528